000 00259nam a22001097a 4500
008 180803b xxu||||| |||| 00| 0 eng d
082 _a813.52
245 _aIntroducing Literature
_cGlencoe
300 _a3
_fCassette
440 _x619698.03/7
942 _2ddc
_cMX
999 _c46759
_d46759